Estland baut mit Holz
| Titel: | Estland baut mit Holz : wie ein Naturhaus/Loodusmaja Europa begeistert / von Arne von Maydell |
|---|---|
| Verfasser: | |
| In: |
Baltische Briefe, Band 78, Heft 9 (923) (2025), Seite 2-3 alle Artikel anzeigen |
| Veröffentlicht: | 2025 |
| Umfang: | Illustrationen |
| Format: | Aufsatz |
| Sprache: | Deutsch |
X
alg: 54175530 001A $03025:03-02-26 001B $01999:03-02-26 $t22:11:04.000 001D $03025:03-02-26 001U $0utf8 001X $00 002@ $0Aou 002C $aText $btxt $2rdacontent 002D $aohne Hilfsmittel zu benutzen $bn $2rdamedia 002E $aBand $bnc $2rdacarrier 003@ $0541755307 007A $0541755307 $aHEB 010@ $ager 010E $erda 011@ $a2025 021A $aEstland baut mit Holz $dwie ein Naturhaus/Loodusmaja Europa begeistert $hvon Arne von Maydell 028A $BVerfasser $4aut $71353265943 $8Maydell, Arne$cvon [Tp3] $9525300228 031A $d78 $e9 (923) $h2-3 $j2025 034M $aIllustrationen 039B $aEnthalten in $8--Abvc--. Baltische Briefe. - Großhansdorf : Verl. Balt. Briefe, 1948-. - ISSN 0005-4526 $x202500000780009998 $9047806486 044K $RGouvernement Estland $REstnische Sozialistische Sowjetrepublik $#Estland $#Estland $#Estland $#Estland (vor 1940) $#Republik Estland $#Estnische Republik $#Eesti $#Eesti Vabariik $#EV $#Estonia $#Republic of Estonia $#Estonie $#Ėstonskaja Respublika $74015587-0 $8Estland [Tg1] $9085035777 044K $RReval $#Tallinn $#Tallin $#Reval $#Reval Tallinn $75093293-7 $8Tallinn [Tg1] $9045056455 044K $RBauweise $#Building, Wooden $#Wooden-frame buildings $#Construction en bois $#Constructions en bois $#Construcciones de madera $#Holzarchitektur $#Holzbauweise $#Holzbauwerk $74025677-7 $8Holzbau [Ts1] $9085064009 044K $RBauweise $RVariantenkonstruktion $#Modular construction $#Construction modulaire $#Modulare Bauweise $#Baukastensystem $#Plattformstrategie $74125467-3 $8Modulbauweise [Ts1] $9085422975 045F $a709.4798090513 $eDDC23BSB 045F/01 $a709 045F/03 $f090513 045F/03 $g4798 045R $aGeschichte 2024-2026 045T $a7,44 lok: 54175530 78 exp: 54175530 78 1 #EPN 201B/01 $003-02-26 $t11:12:11.000 201C/01 $003-02-26 201U/01 $0utf8 203@/01 $01333335539 208@/01 $a03-02-26 $be 209A/01 $a/ $f000 $x00 209A/01 $ab*p $x01 220C/01 $akoe 247C/01 $82080>Marburg/Lahn, Herder-Institut, Forschungsbibliothek, Bibliographieportal $9336309341
| LEADER | 00000caa a2200000 c 4500 | ||
|---|---|---|---|
| 001 | 541755307 | ||
| 003 | DE-603 | ||
| 005 | 20260203221104.0 | ||
| 007 | tu | ||
| 008 | 260203s2025 xx |||| | u00||u|ger c | ||
| 035 | |a (DE-599)HEB541755307 | ||
| 040 | |a DE-603 |b ger |c DE-603 |d DE-603 |e rda | ||
| 041 | |a ger | ||
| 082 | 0 | 4 | |8 1\u |a 709.4798090513 |q DE-101 |2 23/BSB |
| 084 | |a 7,44 |2 ssgn | ||
| 085 | |8 1\u |b 709 | ||
| 085 | |8 1\u |z 1 |s 090513 | ||
| 085 | |8 1\u |z 2 |s 4798 | ||
| 100 | 1 | |a Maydell, Arne von |e Verfasser |4 aut |0 (DE-603)525300228 |0 (DE-588)1353265943 |2 gnd | |
| 245 | 0 | 0 | |a Estland baut mit Holz |b wie ein Naturhaus/Loodusmaja Europa begeistert |c von Arne von Maydell |
| 264 | 0 | |c 2025 | |
| 300 | |b Illustrationen | ||
| 336 | |a Text |b txt |2 rdacontent | ||
| 337 | |a ohne Hilfsmittel zu benutzen |b n |2 rdamedia | ||
| 338 | |a Band |b nc |2 rdacarrier | ||
| 648 | 7 | |a Geschichte 2024-2026 |2 gnd | |
| 650 | 7 | |a Holzbau |0 (DE-588)4025677-7 |0 (DE-603)085064009 |2 gnd | |
| 650 | 7 | |a Modulbauweise |0 (DE-588)4125467-3 |0 (DE-603)085422975 |2 gnd | |
| 651 | 7 | |a Estland |0 (DE-588)4015587-0 |0 (DE-603)085035777 |2 gnd | |
| 651 | 7 | |a Tallinn |0 (DE-588)5093293-7 |0 (DE-603)045056455 |2 gnd | |
| 773 | 0 | 8 | |i Enthalten in |t Baltische Briefe |d Großhansdorf : Verl. Balt. Briefe, 1948- |x 0005-4526 |g Band 78, Heft 9 (923) (2025), Seite 2-3 |w (DE-603)047806486 |w (DE-600)536488-7 |
| 924 | 0 | |9 2080 |a (DE-603)1333335539 |b DE-2080 |c HES |d d |g / | |


